• 首页
  • 本馆介绍
  • 公告通知
  • 最新文献
  • 馆藏检索
  • 电子资源
  • 读者导购
  • 参考咨询
  • 我的图书馆
  • 登录
  • 详细信息显示
  • 放入我的书架
  • 预约/预借图书
  • 作者相关作品
  • 分类相关作品
  • 丛书相关作品
  • 出版社相关作品

书目信息

  • 表格格式
  • 工作单格式
  • 卡片格式
题名:
英语
    
 
作者: 王士先 , 张彦斌 , 吴银庚 编
分册: 2  
出版信息: 北京   高等教育出版社  1980.09
页数: 185页
开本: 21cm
丛书名:
单 册:
中图分类: H31-42
科图分类:
主题词: 英语--教学参考资料
电子资源:
ISBN:
000 00698nam0 2200241 45
001 0412301413
005 20060804171333.04
010    @dCNY0.54
091    @a9010.071
100    @a20041230d1980 km y0chiy0120 ea
101 0  @achi
200 1  @a英语@Aying yu@e教师参考书@h2@f吴银庚,王士先,张彦斌编@FWu Yin Geng,Wang Shi Xian,Zhang Yan Bin Bian
210    @a北京@c高等教育出版社@d1980.09
215    @a185页@d21cm
300    @a高等学校教学参考书
517 1  @a教师参考书@Ajiao shi can kao shu
606 0  @a英语@x教学参考资料
690    @aH31-42@v3
701  0 @a王士先@4编
701  0 @a张彦斌@4编
701  0 @a吴银庚@4编
801    @aCN@bPftUser@c20060804
905    @f1@b169284@dH31-42@e163:2(+)
    
    英语:教师参考书.2/吴银庚,王士先,张彦斌编.-北京:高等教育出版社,1980.09
    185页;21cm
    高等学校教学参考书
    
    ISBN :CNY0.54
    
●
相关链接 在E读中查询图书 在五车中查询图书 在当当中查询图书 在豆瓣中查询图书


正题名:英语     索取号:H31-42/163:2(+)         预约/预借

序号 登录号 条形码 馆藏地/架位号 状态 备注
1 0169284   000930513   第四借阅区/ [索取号:H31-42/163:2(+)] 在馆    
2 0444646   204446466   密集书库/ [索取号:H31-42/163:2(+)] 在馆    
欢迎您!
大连网信软件有限公司© 版权所有